000 00841nam a2200229Ia 4500
003 OSt
005 20200903154644.0
008 191128s2012 ck gr f000 0 spa d
020 _a9789586539579
040 _aCO-JMCR
_cCO-JMCR
041 0 _aspa
082 0 4 _a362.056 /
_bC718c
_223
110 1 _aColombia.
_98040
245 1 0 _aCartilla de seguridad social y pensiones /
250 _a19a. edición
260 _aBogotá :
_bLegis,
_c2012
300 _a287 páginas ;
_c26 cm.
505 0 _aSistema de seguridad social -- Sistema general de pensiones -- Sistema de seguridad social en salud -- Sistema general de riesgos profesionales -- Cuadros comparativos y datos básicos
650 1 4 _aSeguridad social
_xlegislación
_y2012
_zColombia
_99755
650 1 4 _aCartillas Pensiones
_xlegislación
_y2012
_zColombia
_99756
942 _2ddc
_cBK
999 _c4100
_d4100